000
00305nam a2200121Ia 4500
005
20251222143117.0
008
251222s9999||||xx |||||||||||||| ||spa||
082
_a
249.76/C75
100
_a
Colleti, Diego
245
0
_a
El Sacerdocio Don de Dios:
264
_b
Conferencia Episcopal Peruana
942
_c
LIB
999
_c
11382
_d
11382